000 nam a22 7a 4500
999 _c7873
_d7873
008 171107b xxu||||| |||| 00| 0 eng d
100 _aKumar.N.
_94344
245 _aPhysics-XII
260 _aNew Delhi
_bLakshmi
_c2009